Nutrition and healthy growth. (Record no. 90959)

MARC details
000 -LEADER
fixed length control field 00634cam a22002291i 4500
001 - CONTROL NUMBER
control field ss 55000208
003 - CONTROL NUMBER IDENTIFIER
control field DLC
005 - DATE AND TIME OF LATEST TRANSACTION
control field 20260227112752.0
008 - FIXED-LENGTH DATA ELEMENTS--GENERAL INFORMATION
fixed length control field 791113s1955 dcu f000 0 eng
010 ## - LIBRARY OF CONGRESS CONTROL NUMBER
LC control number ss 55000208
035 ## - SYSTEM CONTROL NUMBER
System control number (OCoLC)5691347
040 ## - CATALOGING SOURCE
Original cataloging agency DLC
Transcribing agency OkAdE
Modifying agency OCoLC
-- DLC
042 ## - AUTHENTICATION CODE
Authentication code premarc
050 00 - LIBRARY OF CONGRESS CALL NUMBER
Classification number HV741
Item number .A32 no. 352
110 1# - MAIN ENTRY--CORPORATE NAME
Corporate name or jurisdiction name as entry element United States.
Subordinate unit Children's Bureau.
245 10 - TITLE STATEMENT
Title Nutrition and healthy growth.
260 ## - PUBLICATION, DISTRIBUTION, ETC.
Place of publication, distribution, etc. [Washington,
Name of publisher, distributor, etc. U.S. Govt. Print. Off.]
Date of publication, distribution, etc. 1955.
300 ## - PHYSICAL DESCRIPTION
Extent 35 p.
Dimensions 23 cm.
410 11 - SERIES STATEMENT/ADDED ENTRY--CORPORATE NAME [OBSOLETE, CAN/MARC], [LOCAL, USA]
Corporate name or jurisdiction name as entry element Publication;
Volume number/sequential designation no. 352
650 #0 - SUBJECT ADDED ENTRY--TOPICAL TERM
Topical term or geographic name entry element Children
General subdivision Nutrition.
650 #0 - SUBJECT ADDED ENTRY--TOPICAL TERM
Topical term or geographic name entry element Children
General subdivision Growth.

No items available.

Powered by Koha